Vista normal
Vista MARC
Entrada Personal Name
Número de registros utilizados en: 3
001 - CONTROL NUMBER
- control field: 4518
003 - CONTROL NUMBER IDENTIFIER
- control field: DLC
005 - DATE AND TIME OF LATEST TRANSACTION
- control field: 20230428102310.0
008 - FIXED-LENGTH DATA ELEMENTS
- fixed length control field: 170523 a|ac|n|aab||||||||||||a |n|||||||
010 ## - LIBRARY OF CONGRESS CONTROL NUMBER
- LC control number: 2013027949
040 ## - CATALOGING SOURCE
- Original cataloging agency: DLC
- Language of cataloging: spa
- Description conventions: rda
- Transcribing agency: Mx-PuUPA
- Modifying agency: Mx-PuUPA
100 1# - HEADING--PERSONAL NAME
- Personal name: Valle Flores, Gerardo,
370 ## - ASSOCIATED PLACE
- Other associated place: Puebla de Zaragoza, Mexico
373 ## - ASSOCIATED GROUP
- Associated group: Centro de Estudios Guadalupanos UPAEP
- Source of term: naf
374 ## - OCCUPATION
- Occupation: Coordinador
- Occupation: Editor
375 ## - GENDER
- Gender: hombre
377 ## - ASSOCIATED LANGUAGE
- Language code: spa
400 1# - SEE FROM TRACING--PERSONAL NAME
- Personal name: Flores, Gerardo Valle
670 ## - SOURCE DATA FOUND
- Source citation: Biblioteca del congreso (Estados Unidos), 30 de agosto de 2017:
- Information found: catálogo electrónico:
- Uniform Resource Identifier: https://goo.gl/iE3mdD
670 ## - SOURCE DATA FOUND
- Source citation: Ninguna como Guadalupe, 2011:
- Information found: t.p. verso (Gerardo Valle Flores; Centro de Estudios Guadalupanos UPAEP)
670 ## - SOURCE DATA FOUND
- Source citation: Aquí se narra, 2016:
- Information found: portada (Gerardo Valle Flores)